Pengurusan Islam

Bibliographic Details
Main Author: MUSTAFA Haji Daud
Format: Book
Published: Kuala Lumpur : DBP , 1994
Series:Siri pengurusan dan pentadbiran Utusan
Subjects:

MARC

LEADER 00000cam a2200000 7i4500
001 0000000585
005 20000909.0
020 0 0 |a 9676104760 
090 0 0 |a 297.1975   |b MUS 1994 
100 0 0 |a MUSTAFA Haji Daud 
245 1 0 |a Pengurusan Islam   |c Mustafa Haji Daud 
260 0 0 |a Kuala Lumpur :   |b DBP ,   |c 1994 
300 |a 184 p. ;   |c 21 cm. 
440 0 0 |a Siri pengurusan dan pentadbiran Utusan 
500 0 0 |a Bibliography: [p. 183-184] 
650 0 0 |a Management   |x Religious aspects   |x Islam 
999 |a 0000000930   |b Monograph   |c Open Shelf   |e Default branch